000 00876nam a2200217 4500
005 20251119150748.0
008 250423b |||||||| |||| 00| 0 eng d
020 _a9789390423972
037 _cGeneral Book
040 _aRTL
_cRTL
084 _aY:3(Q), R2
_qRTL
100 _aKumar, Vikramendra
_9747623
245 _aReligion and politics in the modern world
260 _aNew Delhi
_bGlobal Vision Publishing House
_c2022
300 _axiv, 362 p.
_bIncludes bibliographical references and index
520 _aThis book religion and politics in the modern world offers students with an accessible yet in- depth introduction of the most important debates, issues and techniques in the field of religion and politics
650 _aReligion
_9852362
650 _aPolitics
_9265771
650 _aCaste- Hinduism- India
_9752764
942 _2CC
_n0
_cGB
_hY:3(Q) R2
999 _c1309299
_d1309299